A multi-attribute approach to combining expert opinions with application to an environment problem /
Saved in:
| Main Author: | |
|---|---|
| Format: | Thesis Book |
| Language: | English |
| Published: |
2001.
|
| Tags: |
Add Tag
No Tags, Be the first to tag this record!
|
| LEADER | 00726cam a2200205 a 4500 | ||
|---|---|---|---|
| 001 | u511107 | ||
| 003 | SIRSI | ||
| 008 | 030425s2001 si v 00 10 eng m | ||
| 035 | |a ACX-7607 | ||
| 040 | |a UMM | ||
| 090 | |a T55 |b NUS 2001 Pan | ||
| 100 | 1 | 0 | |a Pan, Xiajun |
| 245 | 1 | 2 | |a A multi-attribute approach to combining expert opinions with application to an environment problem / |c Pan Xiajun. |
| 260 | |c 2001. | ||
| 300 | |a x, 113 leaves : |b ill. ; |c 30 cm. | ||
| 502 | |a Dissertation (M.Eng.) -- National University of Singapore, 2001. | ||
| 504 | |a Bibliography: leaves 101-105. | ||
| 948 | |a 25/04/2003 |b 28/04/2003 | ||
| 596 | |a 1 | ||
| 999 | |a T55 NUS 2001 PAN |w LC |c 1 |i A511031635 |l B_KOM4 |m P01UTAMA |r Y |s Y |t TESIS |u 13/5/2003 |o .PUBLIC. BKOM 4 :44678 | ||
